000 00521nam a2200181Ia 4500
999 _c29776
_d29776
003 OSt
005 20210108100321.0
008 190216s9999||||xx |||||||||||||| ||und||
020 _a9788122606324
040 _coclc
082 _a894.812301
_bRAJ/R
100 _aRajalakshmi, T A
_97169
245 0 _aRajalakshmiyude Kathakal /
_cT A Rajalakshmi
260 _bCurrent Books,
_c2010.
_aThrissur:
300 _a168p
650 _aKathakal
942 _cBK
_2ddc
_h894.812301
_iRAJ/R
_k894.812301
_mRAJ/R